| 000 | 00949nam0a2200265 4500 | ||
|---|---|---|---|
| 001 | RU\NLR\BIBL_A\010306206 | ||
| 005 | 20250614032006.0 | ||
| 010 |
_a978-5-404-00165-5 _95000 |
||
| 035 | _a(NLR Aleph) 010306206 | ||
| 090 |
_a10618673 _c10618673 |
||
| 100 | _a20140415d2010 |||y0rusy50 ca | ||
| 101 | 1 |
_arus _cita |
|
| 102 | _aRU | ||
| 105 | _aa|||z|||000yy | ||
| 200 | 1 |
_aДекупаж на стекле _e[изысканные идеи для вашего дома] _fМариза Лупато _g[пер. с ит. С.В. Зоновой] |
|
| 210 |
_aМосква _cАрт-Родник _d2010 |
||
| 215 |
_a48 с. _cцв. ил. _d27 |
||
| 225 | 1 | _aКлассическое рукоделие | |
| 606 | 1 |
_aДекупаж по стеклу _92615598 _3RU\NLR\AUTH\661552157 |
|
| 686 | 1 | _aМ78 | |
| 700 | 1 |
_aЛупато _bМ. _gМариза |
|
| 942 | _cBOOK | ||
| 980 | _aNB | ||